Āśākiraṇa : (Record no. 58205)
[ view plain ]
| 000 -LEADER | |
|---|---|
| fixed length control field | 00643nam a2200217 i 4500 |
| 001 - CONTROL NUMBER | |
| control field | sa 64003935 |
| 003 - CONTROL NUMBER IDENTIFIER | |
| control field | DLC |
| 005 - DATE AND TIME OF LATEST TRANSACTION | |
| control field | 20260227112021.0 |
| 008 - FIXED-LENGTH DATA ELEMENTS--GENERAL INFORMATION | |
| fixed length control field | 811023s1962 ii 00001 kan |
| 010 ## - LIBRARY OF CONGRESS CONTROL NUMBER | |
| LC control number | sa 64003935 //r81 |
| 025 ## - OVERSEAS ACQUISITION NUMBER | |
| Overseas acquisition number | PL480:I-Kan-280 |
| 050 0# - LIBRARY OF CONGRESS CALL NUMBER | |
| Classification number | PL4658 |
| Item number | .A78 |
| 082 0# - DEWEY DECIMAL CLASSIFICATION NUMBER | |
| Classification number | 894/.8147/08 |
| Edition number | 19 |
| 245 00 - TITLE STATEMENT | |
| Title | Āśākiraṇa : |
| Remainder of title | saṇṇakathegaḷa saṅkalana / |
| Statement of responsibility, etc. | sampadākaru Basavarāja Kestūr. |
| 260 0# - PUBLICATION, DISTRIBUTION, ETC. | |
| Place of publication, distribution, etc. | Maisūru : |
| Name of publisher, distributor, etc. | Karnāṭaka Sāhityalāya, |
| Date of publication, distribution, etc. | [1962] |
| 300 ## - PHYSICAL DESCRIPTION | |
| Extent | 36 p. ; |
| Dimensions | 18 cm. |
| 500 ## - GENERAL NOTE | |
| General note | In Kannada. |
| 650 #0 - SUBJECT ADDED ENTRY--TOPICAL TERM | |
| Topical term or geographic name entry element | Short stories. |
| 650 #0 - SUBJECT ADDED ENTRY--TOPICAL TERM | |
| Topical term or geographic name entry element | Short stories, Kannada. |
| 700 10 - ADDED ENTRY--PERSONAL NAME | |
| Personal name | Kestūr, Basavarāja. |
No items available.